Rod Wave Charting Songs (Bubbling Under) - Statistics

General Stats
  • This quiz has been taken 28 times
    27 since last reset
  • The average score is 3 of 11
Answer Stats
Album Peak Artist(s) Song % Correct
PTSD #22 Rod Wave Heart on Ice
81%
Ghetto Gospel #10 Rod Wave & Kevin Gates Cuban Links
71%
Pray 4 Love #13 Rod Wave ft. ATR Son Son Rags2Riches
71%
Pray 4 Love #1 Rod Wave Dark Clouds
29%
Pray 4 Love #2 Rod Wave Girl of My Dreams
29%
Ghetto Gospel #20 Rod Wave Green Light
29%
Pray 4 Love #16 Rod Wave Roaming
10%
Ghetto Gospel #25 Rod Wave Dark Conversations
5%
Non-Album Single #3 Rod Wave Through the Wire
5%
Pray 4 Love #15 Rod Wave Thug Motivation
5%
Non-Album Single #13 Rod Wave Freestyle
0%
No matching quizzes found
Score Distribution
Percent of People with Each Score
Percentile by Number Answered
Your Score History
You have not taken this quiz since the last reset